Thủy hử (4 tập) T.1

Kaydedildi:
Detaylı Bibliyografya
Yazar: Thi Nại Am
Diğer Yazarlar: Kim Thánh Thán (Lời bình), Á Nam Trần Tuấn Khải (dịch)
Materyal Türü: Kitap
Baskı/Yayın Bilgisi: H. Văn học 1988
Seri Bilgileri:Tủ sách văn học mọi nhà - Văn học Trung Quốc
Konular:
Etiketler: Etiketle
Etiket eklenmemiş, İlk siz ekleyin!
Thư viện lưu trữ: Trung tâm Học liệu Lê Vũ Hùng, Trường Đại học Đồng Tháp
LEADER 00987pam a22002898a 4500
001 00022146
005 20171026081022.0
008 110528s1988 ||||||Viesd
041 0 # |a Vie 
082 1 4 |a 895.1  |b TH523H 
100 0 # |a Thi Nại Am 
245 0 0 |n T.1  |b (4 tập)  |a Thủy hử  |c Thi Nại Am; Á Nam Trần Tuấn Khải, Kim Thánh Thán 
260 # # |a H.  |b Văn học  |c 1988 
300 # # |a 422 tr.  |c 19 cm. 
490 0 # |a Tủ sách văn học mọi nhà - Văn học Trung Quốc 
653 # # |a Tiểu thuyết 
653 # # |a Trung Quốc 
653 # # |a Văn học cổ điển 
700 0 # |a Kim Thánh Thán  |e Lời bình 
700 0 # |a Á Nam Trần Tuấn Khải  |e dịch 
852 # # |b Kho mượn  |j KM.0011050 
852 # # |b Kho đọc  |j KD.0007621 
852 # # |j KD.0007621  |j KM.0011050 
910 0 # |a Hoa Lê  |d 28/05/2011 
980 # # |a Trung tâm Học liệu Lê Vũ Hùng, Trường Đại học Đồng Tháp